Cieľové segmenty Slovenska na medzinárodnom trhu cestovného ruchu

Geografická segmentácia a jej význam v cestovnom ruchu. Spolupráca krajín V4 v marketingovej oblasti. Snaha o presadenie sa na tretích trhoch. Segmentácia z hľadiska veku a fázy životného cyklu. Ponuka pre mládež a seniorov. Segmentácia podľa sociálneho statusu. Segmenty Slovenska z hľadiska motívu...

ver descrição completa

Na minha lista:
Detalhes bibliográficos
Autor principal: Droppová, Csilla
Formato: Capítulo de Livro
Idioma:eslovaco
Assuntos:
Tags: Adicionar Tag
Sem tags, seja o primeiro a adicionar uma tag!

MARC

LEADER 00000naa$a2200000$$$4500
001 0077011
005 20231016073154.6
041 0 |a slo 
044 |a SK 
245 1 0 |a Cieľové segmenty Slovenska na medzinárodnom trhu cestovného ruchu  |c Csilla Droppová 
520 |a Geografická segmentácia a jej význam v cestovnom ruchu. Spolupráca krajín V4 v marketingovej oblasti. Snaha o presadenie sa na tretích trhoch. Segmentácia z hľadiska veku a fázy životného cyklu. Ponuka pre mládež a seniorov. Segmentácia podľa sociálneho statusu. Segmenty Slovenska z hľadiska motívu návštevy. Stratégia rozvoja cestovného ruchu SR do roku 2013. 
610 2 0 |a ruch cestovný domáci 
610 2 0 |a ruch cestovný aktívny 
610 2 0 |a turistika 
610 2 0 |a segmentácia trhu 
610 2 0 |a vek 
610 2 0 |a mládež 
610 2 0 |a skupiny sociálne 
610 2 0 |a geografia 
610 2 0 |a marketing 
610 2 0 |a ponuka 
610 2 0 |a imidž 
610 2 0 |a Slovensko 
100 1 |a Droppová, Csilla